| 000 | 01010cab a22001935a 4500 | ||
|---|---|---|---|
| 001 | L145160 | ||
| 008 | 080911s2008 xxk f 000 0 eng d | ||
| 035 | _a(Sirsi) u145160 | ||
| 041 | 0 | _aeng | |
| 100 | 1 | _aCooke, Howard | |
| 245 | 0 | 0 |
_aBreak strategy _bthe key to breaking out |
| 260 | _c2008 | ||
| 490 | 0 |
_aJournal of Corporate Real Estate _v10(2) 2008, 110-120(11) |
|
| 520 | _aConsiders the problem caused by using of break clauses in commercial leases which, are a result of longer lease terms. Highlights the issues involved so that Corporate Real Estate Managers or advisors can avoid or minimise the risks involved. Finds that for commercial occupiers, the operation of a break clause can be very problematic and that its successful use requires a strategy to be in place well in advance of the break date. | ||
| 590 | _aKA NTK | ||
| 651 | 4 |
_aUnited Kingdom _y |
|
| 690 | _aPROPERTY-COMMERCIAL PROPERTY-LEASEHOLD COMMERCIAL PROPERTY-COMMERCIAL LANDLORD AND TENANT-COMMERCIAL LEASES | ||
| 942 | _n0 | ||
| 999 |
_c80724 _d80724 |
||